000 00880nam a22002777a 4500
003 EG-ScBUE
005 20220210114339.0
008 110110s2004 enk f 000 1 eng d
020 _a0712680004
020 _a9780712680004
040 _aEG-ScBUE
_beng
_erda
_cEG-ScBUE
_dEG-ScBUE
082 0 4 _a823.914
_bRUT
_222
100 1 _921859
_aRutherfurd, Edward,
_eauthor.
245 1 0 _aDublin :
_bfoundation /
_cEdward Rutherfurd.
264 1 _aLondon :
_bCentury,
_c2004.
300 _a xvi, 776 pages :
_bmaps ;
_c24 cm
336 _2rdacontent
_atext
_btxt
337 _2rdamedia
_aunmediated
_bn
338 _2rdacarrier
_avolume
_bnc
650 _2BUEsh
651 7 _921860
_aDublin (Ireland)
_xHistory
_vFiction.
_2BUEsh
653 _bHHUUEENN
_cFebruary2022
655 _aHistorical fiction.
_vReading book
942 _2ddc
_cBB
999 _c14902
_d14902